ONE PIECE - tous les persos présentés dans le manga après ellipse - Statistiques

Statistiques générales
  • Ce quiz a été pris 135 fois
    134 depuis la dernière actualisation
  • Le résultat moyen est 123 sur 344
Statistiques - réponses
Hint Réponse % Correct
capitaine Caribou
91%
lieutenant Lao G
81%
mère Charlotte Linlin
79%
capitaine Demalo Black
79%
capitaine Kaido
78%
2e fils/général sucré Charlotte Katakuri
76%
superstar Alber
75%
capitaine (décédé) Fisher Tiger
75%
fils/shogun actuel Momonosuke Kozuki
75%
chef Oden Kozuki
75%
superstar Queen
75%
maître Cesar Clown
74%
princesse Rebecca
74%
scientifique Végapunk
74%
1er fils Charlotte Perospero
72%
superstar Jack
72%
lieutenant Monet
72%
lieutenant-chef Trébol
72%
fille Yamato
72%
capitaine Cavendish
71%
vice-capitaine Coribou
71%
chef des fourreaux rouges Kinemon
71%
capitaine Leo
71%
roi Neptune
71%
lieutenant-chef Pica
71%
lieutenant Senor Pink
71%
princesse Shiraoshi
71%
femme/assassin Baby 5
69%
mousquetaire/oiseau royale Carrot
69%
lieutenant-chef Diamante
69%
fils autoproclamé Edward Weeble
69%
capitaine Hody Jones
69%
amiral Issho Fujitora
69%
lieutenant spécial Sugar
69%
tobbi roppo Ulti
69%
lieutenant-chef Vergo
69%
capitaine Bartolomeo
68%
fourreau rouge Inuarashi
68%
souverain Judge Vinsmoke
68%
vassal/espion Kanjuro Kurozomi
68%
héros du colisé Kyros
68%
fourreau rouge Nekomamushi
68%
fille ainée Reiju Vinsmoke
68%
femme Charlotte Chiffon
66%
officier Koala
66%
2e fils Niji Vinsmoke
66%
reine Otohime
66%
capitaine des gardiens Pedro
66%
femme Toki Kozuki
66%
tobbi roppo Who's Who
66%
tobbi roppo Black Maria
65%
8e fille Charlotte Brûlée
65%
10e fils/général sucré Charlotte Cracker
65%
14e fille/général sucré Charlotte Smoothie
65%
capitaine Gyro
65%
dirigeant(e) Im
65%
ancien shogun Orochi Kurozumi
65%
tobbi roppo Page One
65%
capitaine Rocks D. Xebec
65%
clone de Mihawk S-Hawk
65%
lieutenant Buffalo
63%
4e fils Charlotte Oven
63%
35e fille Charlotte Pudding
63%
capitaine Hajrudin
63%
1er fils Ichiji Vinsmoke
63%
capitaine Ideo
63%
patron Morgans
63%
capitaine Van Der Decken
63%
princesse Viola
63%
4e fils Yonji Vinsmoke
63%
femme autoproclamé Buckingham Stussy
62%
lieutenant Dellinger
62%
12e commandant en chef Don Chinjao
62%
clone de Jinbei S-Shark
62%
clone allié Stussy
62%
transporteur millénaire Zunesha
62%
19e fils Charlotte Mont d'Or
60%
charpentier naval/explorateur Den
60%
13e commandant en chef Don Sai
60%
prince Fukaboshi
60%
fille Hiyori Kozuki
60%
fourreau rouge Kiku
60%
combattant minks Pekoms
60%
homies nuage (renié) Zeus
60%
3e fils Charlotte Daifuku
59%
commandant (décédé) Don Quichote Rosinante
59%
satellite n°2 "mal" Lilith
59%
homies bicorne Napoléon
59%
fourreau rouge Raizo
59%
clone de Kuma S-Bear
59%
clone de Hancock S-Snake
59%
civile/apprenti ninja Tama Kurozumi
59%
capitaine Albion
57%
lieutenant Gladius
57%
lieutenant Jora
57%
prince Loki
57%
princesse Manshelly
57%
satellite n°4 "savoir" Pythagoras
57%
tobbi roppo Sasaki
57%
satellite n°1 "bien" Shaka
57%
mousquetaire/oiseau royale Wanda
57%
5e fils Charlotte Opéra
56%
fourreau rouge Denjiro
56%
maître en karaté Hack
56%
lieutenant Machvise
54%
commandant de l'armée Ouest Morley
54%
alliée Shinobu
54%
arme chimique Smiley
54%
souveraine (décédée) Sora Vinsmoke
54%
amiral Aramaki Ryokugyu
53%
fourreau rouge Ashura Doji
53%
commandant de l'armée Est Belo Betty
53%
capitaine des centaures Chadros Hygelies
53%
25e fils/ancien général sucré Charlotte Snack
53%
homies nuage Héra
53%
fourreau rouge Kawamatsu
53%
homies soleil Prométhée
53%
satellite n°6 "envie" York
53%
satellite n°5 "violence" Atlas
51%
17e fils Charlotte Compo
51%
commandant de l'armée Nord Karasu
51%
25e mari (renié) Pound
51%
3e fille Charlotte Amande
50%
princesse (décédée) Scarlette
50%
petite soeur Traflagar D. Lamy
50%
36e fille Charlotte Flampé
49%
amiral Orlumbus
49%
"cavalier" Tamago
49%
trafiquante d'orphelins Carmel
47%
1ère fille Charlotte Compote
47%
satellite n°3 "inventivité" Edison
47%
roi Elizabello II
47%
cuisinier en chef Streusen
47%
capitaine Aladdin
46%
conseiller Vito
46%
lieutenant Blue Gilly
44%
prince Ryuboshi
44%
gérante de café/voyante Shirley
44%
vedette Speed
44%
gardien Black Back
43%
officier Boo
43%
commandant de l'armée Sud Lindbergh
43%
ministre Ministre de la Droite
43%
ministre Ministre de la Gauche
43%
prince Manboshi
41%
assassin Rock
41%
boss des yakuzas de la capitale Hyogoro
40%
roi Riku Dold III
40%
commandant en chef Saint Figarland Garling
40%
capitaine des mousquetaires Sicilion
40%
femme de Kinemon Tsuru
40%
fils Capone Pets
38%
commandant de l'armée Est (décédée) Ginny
38%
vedette Holdem
38%
commandant des scarabées Kabu
38%
gêolier bestial Mino-Chihuahua
38%
dernier daimyo d'Hakumai Yasuie Shimotsuki
38%
18e fille Charlotte Galette
37%
chef cuisinière Cosette
37%
ancien capitaine de l'équipage Jarl
37%
enfant cobaye Mocha
35%
kamuro (servante de l'oiran) Toko Shimotsuki
35%
lieutenant Abdullah
34%
gifter Batman
34%
commandant des abeilles Bee-Anne
34%
21e fille Charlotte Prâline
34%
capitaine Diez Barrels
34%
lieutenant Jeet
34%
assassin Kelly Funk
34%
animal de compagnie Megalo
34%
34e fils Charlotte Mascarpone
32%
gifter Gazelleman
32%
assassin Gotti
32%
assassin Scotch
32%
vassal Semimaru Kurozumi
32%
"fou" Bobbin
31%
vassal Higurashi Kurozumi
31%
monture du roi Hoe
29%
ancien capitaine de l'équipage Jorl
29%
maître de la forêt King Baum
29%
lieutenant Suleiman
29%
29e fille Charlotte Joscarpone
28%
femme Senor Russian
28%
ancien shogun Sukiyaki Kozuki
28%
pirate Wadatsumi
28%
assassin Bobby Funk
26%
15e fille Charlotte Citron
26%
docteur Gerd
26%
second Colombus
25%
lieutenant Daruma
25%
contre-amiral Prince Gruss
25%
7e fils Charlotte Cadenza
24%
vice-amiral Doll
24%
monture Farul
24%
lieutenant-colonel Hibari
24%
saint Myosgald
24%
combattant sur grue Randolph
24%
lieutenant Zeo
24%
pirate (décédé) Zepo
24%
39e fille Charlotte Ananas
22%
2e fille Charlotte Mondée
22%
19e fille Charlotte Poire
22%
commandant en chef Fukurokuju
22%
vice-capitaine Gambia
22%
gifter Mouseman
22%
navigateur Road
22%
vedette Sheepshead
22%
39e fils Charlotte Newshi
21%
lieutenant/assassin Hyozo
21%
compagnon Onimaru
21%
26e fils Charlotte Bavarois
19%
5e fille Charlotte Effilée
19%
33e fils Charlotte Raisin
19%
lieutenant Dosun
19%
commentateur Gatz
19%
officier (masqué) Guernica
19%
forgeron de légende Kozaburo Shimotsuki
19%
contre-amiral Kujaku
19%
docteur Lebouc
19%
fils Senor Gimlet
19%
directrice de l'usine Aspireine
18%
vedette Babanuki
18%
16e fille Charlotte Cinnamon
18%
15e fils Charlotte Noisette
18%
boss des yakuzas de Ringo Cho
18%
magnat de l'ombre Du Feld
18%
cuisinier Goldberg
18%
42e fils Charlotte Anglais
16%
6e fils Charlotte Counter
16%
22e fils Charlotte Saint-Marc
16%
conseiller Dagama
16%
combattant longs-bras Diesel
16%
saint Don Quichote Homing
16%
guerrier Hammond
16%
pirate Ikkaku
16%
pirate Uni
16%
ancien daimyo de Ringo Ushimaru Shimotsuki
16%
vice-amiral Bluegrass
15%
7e fille Charlotte Angel
15%
9e fille Charlotte Broyée
15%
8e fils Charlotte Cabaletta
15%
pirate Clione
15%
mousquetaire du duc Giovanni
15%
assassin (masqué) Maha
15%
vedette Solitaire
15%
gifter Alpagaman
13%
32e fils Charlotte Brownie
13%
46e fils Charlotte Dragée
13%
38e fils Charlotte Newsan
13%
12e fils Charlotte Nusstorte
13%
patron de pompes funèbres Drug Peclo
13%
lieutenant Icaros Muchi
13%
ancien capitaine "Service" Lip Doughty
13%
vice-amiral Maynard
13%
reine Sally Entoilette
13%
guerrier Wicca
13%
vice-commandant de l'armée Est Ahiru
12%
13e fils Charlotte Basskarte
12%
6e fille Charlotte Custard
12%
14e fils Charlotte Dosmarche
12%
40e fils Charlotte Newgo
12%
37e fils Charlotte Newji
12%
21e fils Charlotte Tablette
12%
vedette Daifugo
12%
manutentionnaire Giberson
12%
vedette Ginrummy
12%
éclaireur/gardien de la porte Variete
12%
31e fille Charlotte Akimeg
10%
32e fille Charlotte Allmeg
10%
45e fils Charlotte Dolce
10%
13e fille Charlotte Marnier
10%
10e fille Charlotte Mash
10%
36e fils Charlotte Newichi
10%
30e fille Charlotte Nutmeg
10%
20e fille Charlotte Prim
10%
11e fils Charlotte Zuccotto
10%
vice-commandant de l'armée Sud Gambo
10%
numbers 4 Jaki
10%
trafiquant d'organes Jigra
10%
numbers 10 Juki
10%
roi du transport maritime Umit
10%
vice-commandant de l'armée Ouest Ushiano
10%
24e fils Charlotte Dacquoise
9%
44e fils Charlotte Dechat
9%
34e fille Charlotte Fuyumeg
9%
27e fille Charlotte Joconde
9%
28e fils Charlotte Kato
9%
12e fille Charlotte Mozart
9%
38e fille Charlotte Normande
9%
41e fils Charlotte Nougat
9%
ninja Daikoku
9%
numbers 5 Goki
9%
timonier Hakugan
9%
numbers 1 Inbi
9%
vice-commandant de l'armée Nord Jiron
9%
numbers 6 Rokki
9%
commandant des forces de défense Tank Lepanto
9%
vedette Bao Huang
7%
30e fils Charlotte Chiboust
7%
33e fille Charlotte Harumeg
7%
20e fils Charlotte High Fat
7%
24e fille Charlotte Marble
7%
29e fils Charlotte Mont-Blanc
7%
37e fille Charlotte Wafers
7%
mousquetaire du duc Concelot
7%
vedette Dobon
7%
numbers 2 Fuga
7%
ninja Fujin
7%
ninja Hanzo
7%
numbers 9 Kunyun
7%
gifter Madilloman
7%
boss des yakuzas d'Udon Omasa
7%
ninja Raijin
7%
gardien Rody
7%
gladiateur Spartan
7%
boss des yakuzas d'Hakumai Tsunagoro
7%
boss des yakuzas de Kibi Yatappe
7%
mousquetaire Yomo
7%
23e fils Charlotte Basans
6%
18e fils Charlotte Laurique
6%
31e fils Charlotte Mobile
6%
25e fille Charlotte Mucre
6%
43e fils Charlotte Uiro
6%
35e fils Charlotte Yu Yuan
6%
guerrier Flapper
6%
vice-amiral Gion
6%
numbers 8 Hatcha
6%
commandant en chef Hotei
6%
chasseur d'anciens prisonniers Jean Ango
6%
contre-amiral Jenfétro
6%
numbers 7 Nagi
6%
ancien daimyo de Kibi Omusubi Fugetsu
6%
gifter Sarahebi
6%
ancien daimyo d'Udon Tempura Uzuki
6%
numbers 3 Zanki
6%
gladiatrice Acilia
4%
27e fils Charlotte Agar-Agar
4%
11e fille Charlotte Corn Strach
4%
16e fils Charlotte Moascato
4%
homies crocodile Croco-Baron
4%
chef Guncho
4%
chef des armées Rolling Logan
4%
vice-amiral Tokikake
4%
sumo star Urashima
4%
Aucun quiz correspondant
Distribution des résultats
% des personnes avec chaque résultat
Percentile par nombre de réponses
Votre historique - résultats
Vous n’avez pas pris ce quiz depuis la dernière actualisation